[Event "XXV OOM - Mistrzostwa Polski Juniorow Mlodszych - Dziewczeta do lat 12"]
[Site "Sielpia"]
[Date "1899-12-30"]
[Round "1.1"]
[White "Pawicka, Magdalena"]
[Black "Banasiak, Adrianna"]
[Result "1-0"]
[WhiteTitle "I"]
[BlackTitle "II+"]
[WhiteElo "1748"]
[BlackElo "1187"]

1. e4 c5 2. Nf3 Nc6 3. d4 cxd4 4. Nxd4 Nf6 5. Nc3 e5 6. Ndb5 Bb4 7. a3 Bxc3+ 8.
Nxc3 d6 9. Bg5 Be6 10. Nb5 Ke7 11. Qd2 d5 12. exd5 Qxd5 13. Qxd5 Bxd5 14. Rd1
Be4 15. c4 Rad8 16. Nc3 Rxd1+ 17. Kxd1 Rd8+ 18. Kc1 Bg6 19. Nd5+ Ke6 20. g3 Nd4
21. Bh3+ Bf5 22. Bxf5+ Nxf5 23. Re1 Rc8 24. Nf4+ Ke7 25. Rxe5+ Kd6 26. Bxf6 Rxc4+
27. Kb1 Nxg3 28. fxg3 gxf6 29. Rh5 Rc5 30. Rxh7 Rc7 31. Rh5 Kd7 32. Rf5 Rc6 33.
h4 Ke8 34. Nd5 Kf8 35. Rxf6 Rxf6 36. Nxf6 Kg7 37. Ng4 f5 38. Ne3 Kg6 39. Kc2 a6
40. Kd3 b6 41. Ke2 b5 42. Kf3 f4 43. Kxf4 a5 44. g4 b4 45. axb4 axb4 46. h5+ Kh6
47. Kf5 b3 48. Kf6 Kh7 49. g5 Kg8 50. g6 Kh8 51. g7+ Kg8 52. h6 Kh7 53. Kf7 Kxh6
54. g8=Q Kh5 55. Qg4+ Kh6 56. Qh4# 1-0

[Event "XXV OOM - Mistrzostwa Polski Juniorow Mlodszych - Dziewczeta do lat 12"]
[Site "Sielpia"]
[Date "1899-12-30"]
[Round "1.2"]
[White "Filipiak, Magdalena"]
[Black "Szczotka, Klara"]
[Result "1-0"]
[WhiteTitle "I"]
[BlackTitle "I++"]
[WhiteElo "1181"]
[BlackElo "1638"]

1. e4 c5 2. c3 Nf6 3. e5 Nd5 4. d4 e6 5. Nf3 d6 6. Bc4 Nc6 7. O-O Nb6 8. Bb3 Qc7
9. Bf4 d5 10. Na3 Na5 11. Bc2 Bd7 12. dxc5 Nbc4 13. Nxc4 Nxc4 14. b4 a5 15. a3
Be7 16. Bb3 Bb5 17. Nd4 Qd7 18. Nxb5 Qxb5 19. Ba4 Qxa4 20. Qxa4+ Kf8 21. Qc2 g5
22. Be3 Kg7 23. Qe2 h5 24. f4 f6 25. exf6+ Bxf6 26. Bd4 Rae8 27. Bxf6+ Kxf6 28.
fxg5+ Kxg5 29. h4+ Kg6 30. Qd3+ Kg7 31. Qg3+ 1-0

[Event "XXV OOM - Mistrzostwa Polski Juniorow Mlodszych - Dziewczeta do lat 12"]
[Site "Sielpia"]
[Date "1899-12-30"]
[Round "1.3"]
[White "Siekanska, Maria"]
[Black "Pniewska, Beata"]
[Result "1-0"]
[WhiteTitle "I+"]
[BlackTitle "I"]
[WhiteElo "1509"]
[BlackElo "1176"]

1. d4 Nf6 2. c4 e6 3. Nc3 Bb4 4. e3 d5 5. a3 Bxc3+ 6. bxc3 O-O 7. Nf3 c5 8. cxd5
exd5 9. h3 Nc6 10. Bd3 Re8 11. O-O b6 12. Rb1 Bd7 13. Bb5 a6 14. Bxc6 Bxc6 15.
Ne5 Bb5 16. Re1 Ne4 17. Bb2 Qh4 18. Qf3 Rf8 19. c4 Nd2 20. Qxd5 Nxb1 21. Nf3 Qh6
22. cxb5 Nxa3 23. Bxa3 axb5 24. Bb2 Qe6 25. Qxe6 fxe6 26. Ng5 Ra2 27. Rb1 Re8
28. Ne4 c4 29. Nd6 Rf8 30. Nxb5 Rf5 31. Nc3 Raa5 32. e4 Rfb5 33. Nxb5 Rxb5 34.
Rc1 Rxb2 35. Rxc4 b5 36. Rc6 Rb4 37. Rxe6 Rxd4 38. f3 b4 39. Rb6 Kf7 40. g3 Ke7
41. Kf2 Kd7 42. Ke3 Rc4 43. g4 Rc3+ 44. Kd4 Rxf3 45. Rxb4 Rxh3 46. Rb7+ Ke6 47.
Rxg7 Rh4 48. g5 h6 49. Rg6+ Kf7 50. Rxh6 Rxh6 51. gxh6 Kg6 52. Ke5 Kxh6 53. Kf6
Kh7 54. Kf7 1-0

[Event "XXV OOM - Mistrzostwa Polski Juniorow Mlodszych - Dziewczeta do lat 12"]
[Site "Sielpia"]
[Date "1899-12-30"]
[Round "1.4"]
[White "Romejko, Jagoda"]
[Black "Szopa, Emilia"]
[Result "0-1"]
[WhiteTitle "II+"]
[BlackTitle "I+"]
[WhiteElo "1173"]
[BlackElo "1470"]

1. e4 c5 2. Nf3 Nc6 3. d4 cxd4 4. Nxd4 Nf6 5. Nc3 e5 6. Nf3 Bb4 7. Bd3 d5 8. exd5
Nxd5 9. Bd2 Nxc3 10. Bxc3 Bxc3+ 11. bxc3 O-O 12. O-O Bg4 13. Re1 Re8 14. Qe2 e4
15. Bxe4 Ne5 16. Rad1 Qc7 17. Kh1 Re6 18. h3 Bxf3 19. Bxf3 Ng4 20. Bxg4 Rxe2 21.
Bxe2 Qxc3 22. Bd3 Qf6 23. Kg1 g6 24. Be4 Rb8 25. Rd7 Qe6 26. Rdd1 Qxa2 27. Bd3
Qa5 28. Re2 Rd8 29. Rde1 Kf8 30. Re5 Qb4 31. R5e4 Qc3 32. Rb1 b6 33. Ra4 a5 34.
Rxb6 Rxd3 35. cxd3 Qc1+ 36. Kh2 Qc7+ 37. Kg1 Qxb6 38. g3 Ke7 39. Re4+ Kd6 40.
Rc4 Qb1+ 41. Kg2 Qxd3 42. Ra4 Qd5+ 43. Kh2 Qc5 44. Kg1 Qc1+ 45. Kh2 Qd2 46. Kg2
Kc5 47. Rf4 f5 48. Rh4 h5 0-1

[Event "XXV OOM - Mistrzostwa Polski Juniorow Mlodszych - Dziewczeta do lat 12"]
[Site "Sielpia"]
[Date "1899-12-30"]
[Round "1.5"]
[White "Bar, Klaudia"]
[Black "Sliwicka, Weronika"]
[Result "1-0"]
[WhiteTitle "I"]
[BlackTitle "I"]
[WhiteElo "1449"]
[BlackElo "1161"]

1. e4 c5 2. Nf3 e6 3. b3 Nc6 4. Bb2 d5 5. exd5 exd5 6. d4 Bg4 7. Be2 Nf6 8. h3
Bh5 9. Nbd2 Bd6 10. Ne5 Nxd4 11. Bxd4 cxd4 12. Bxh5 Bxe5 13. O-O O-O 14. Nf3 Re8
15. Re1 Qc7 16. Nxe5 Rxe5 17. Bf3 Rxe1+ 18. Qxe1 Qxc2 19. Qe5 Qb2 20. Rd1 h6 21.
Bxd5 Qxa2 22. Qxd4 Nxd5 23. Qxd5 Qa6 24. Rc1 Qb6 25. Re1 Rd8 26. Qf3 Qc6 27. Qe3
Qe6 28. Qxe6 fxe6 29. Rxe6 Rd1+ 30. Kh2 Rd3 31. b4 Rd4 32. b5 Kf7 33. Re5 Kf6
34. Rc5 Rb4 35. Kg3 Ke6 36. f4 g6 37. Kf3 Kd6 38. Re5 g5 39. g3 Rb3+ 40. Kg4 h5+
41. Kxh5 Rxg3 42. Rxg5 Rxh3+ 43. Kg6 Rf3 44. f5 Ke5 45. Rg1 a6 46. bxa6 bxa6 47.
Re1+ Kd5 48. Ra1 Ke5 49. Ra5+ Ke4 50. f6 Rg3+ 51. Kh7 Rh3+ 52. Kg8 Rg3+ 53. Kf8
Rh3 54. f7 Rh8+ 55. Kg7 Rc8 56. f8=Q Rxf8 57. Kxf8 Kd4 58. Rxa6 Kc5 59. Ke7 Kb5
60. Rh6 Kc5 61. Kd7 Kd5 62. Rh5+ Ke4 63. Kd6 Kf4 64. Ke6 Kg4 65. Ra5 Kf4 66. Rb5
Kg4 67. Kf6 Kh4 68. Kg6 Kg3 69. Kg5 Kf3 70. Rb4 Ke3 71. Kf5 Kd3 72. Ke5 Kc3 73.
Rh4 Kd3 74. Rg4 Kc3 75. Kd5 Kb3 76. Kc5 Ka3 77. Kb5 Kb2 78. Rg3 Kc2 79. Kb4 Kd2
80. Kc4 Ke2 81. Kd4 Kf2 82. Ra3 Ke2 83. Rb3 Kf2 84. Ke4 Kg2 85. Kf4 Kh2 86. Kg4
Kg2 87. Rb2+ Kf1 88. Kf3 Ke1 89. Rh2 Kd1 90. Ke3 Kc1 91. Kd3 Kb1 92. Kc3 Ka1 93.
Kb3 Kb1 94. Rh1# 1-0

[Event "XXV OOM - Mistrzostwa Polski Juniorow Mlodszych - Dziewczeta do lat 12"]
[Site "Sielpia"]
[Date "1899-12-30"]
[Round "1.6"]
[White "Reszka, Barbara"]
[Black "Roszkiewicz, Zofia"]
[Result "0-1"]
[WhiteTitle "II"]
[BlackTitle "I"]
[WhiteElo "1157"]
[BlackElo "1444"]

1. e4 c5 2. c3 d5 3. exd5 Qxd5 4. d4 Nc6 5. dxc5 Qxc5 6. Na3 a6 7. Be3 Qe5 8. Nf3
Qc7 9. Nc4 b5 10. Nb6 Rb8 11. Nd5 Qd8 12. Bf4 Rb7 13. Be2 e6 14. Ne3 Qxd1+ 15.
Rxd1 Nf6 16. O-O Be7 17. Nc2 O-O 18. Ncd4 Nxd4 19. Nxd4 Nd5 20. Bg3 Bc5 21. Nb3
Bb6 22. Bf3 Rd7 23. Rd3 Nf6 24. Rfd1 Rfd8 25. Rxd7 Rxd7 26. Rxd7 Nxd7 27. Kf1
Nc5 28. Nxc5 Bxc5 29. Ke2 a5 30. Bc7 a4 31. Bc6 Ba6 32. Ba5 Kf8 33. Bb4 Bxb4 34.
cxb4 Ke7 35. Kd3 Kd6 36. Be4 f5 37. Bf3 e5 38. Be2 Bb7 39. f3 Bd5 40. a3 Bc4+
41. Kd2 Bxe2 42. Kxe2 Kd5 43. Kd3 g6 44. Kc3 e4 45. b3 axb3 46. Kxb3 Kd4 47. fxe4
fxe4 48. Kc2 Kc4 49. Kb2 e3 50. Kc2 e2 51. Kd2 Kb3 52. Kxe2 Kxa3 53. Kd2 Kxb4
54. Kc2 Kc4 55. Kb2 b4 56. h4 h5 57. Kc2 b3+ 58. Kb2 Kb4 59. g3 Kc4 60. Kb1 Kc3
61. Kc1 b2+ 62. Kb1 Kb3 63. g4 hxg4 64. h5 g3 65. hxg6 g2 66. g7 g1=R# 0-1

[Event "XXV OOM - Mistrzostwa Polski Juniorow Mlodszych - Dziewczeta do lat 12"]
[Site "Sielpia"]
[Date "1899-12-30"]
[Round "1.7"]
[White "Janikowska, Wiktoria"]
[Black "Ziobrowska, Maja"]
[Result "0-1"]
[WhiteTitle "I"]
[BlackTitle "II+"]
[WhiteElo "1393"]
[BlackElo "1134"]

1. e4 e5 2. Nf3 Nc6 3. d4 exd4 4. Nxd4 Bc5 5. Be3 Bb6 6. Qd2 Nf6 7. Nc3 O-O 8.
O-O-O Re8 9. f3 d5 10. Nxc6 bxc6 11. a3 Bb7 12. Bxb6 axb6 13. exd5 cxd5 14. Bd3
c5 15. Bb5 Re7 16. Rhe1 d4 17. Ne2 Nd5 18. Ng3 Ne3 19. Qe2 Re6 20. Bc4 Bd5 21.
Bxd5 Qxd5 22. Kb1 Nxd1 23. Qxd1 Rae8 24. Rxe6 Qxe6 25. Ne4 f5 26. Ng3 Qe1 27.
Qxe1 Rxe1+ 28. Ka2 g6 29. Kb3 Rg1 30. Ne2 Rxg2 31. Nf4 Rxh2 32. Nd5 b5 33. c4
bxc4+ 34. Kxc4 Rxb2 35. Kxc5 Ra2 36. Kxd4 Rxa3 37. f4 Kf7 38. Nc7 h5 39. Nb5 Rf3
40. Ke5 h4 41. Nd6+ Ke7 42. Nc8+ Kd8 43. Nd6 h3 44. Nf7+ Ke7 45. Ng5 Rg3 46. Nxh3
Rxh3 0-1

[Event "XXV OOM - Mistrzostwa Polski Juniorow Mlodszych - Dziewczeta do lat 12"]
[Site "Sielpia"]
[Date "1899-12-30"]
[Round "1.8"]
[White "Niedorys, Karolina"]
[Black "Tokarz, Izabela"]
[Result "1/2-1/2"]
[WhiteTitle "II"]
[BlackTitle "I"]
[WhiteElo "1129"]
[BlackElo "1390"]

1. e4 c6 2. d4 d5 3. Nc3 dxe4 4. Nxe4 Bf5 5. Ng3 Bg6 6. h4 h6 7. h5 Bh7 8. Nf3
e6 9. Bd3 Bxd3 10. Qxd3 Nf6 11. Bd2 Qc7 12. O-O-O Nbd7 13. Ne4 Nd5 14. a3 O-O-O
15. c4 N5f6 16. g3 Nxe4 17. Qxe4 Nf6 18. Qc2 c5 19. Bf4 Bd6 20. Be3 Ng4 21. Rhe1
Nxe3 22. Rxe3 cxd4 23. Rxd4 Bc5 24. Rxd8+ Rxd8 25. Re2 Qc6 26. Qc3 f6 27. b4 Be7
28. Kb2 e5 29. Nh4 Rd4 30. Nf5 Rd7 31. Nxg7 Bf8 32. Nf5 Qe6 33. Nh4 Qg4 34. Qf3
Qxf3 35. Nxf3 Rd3 36. Re3 Rd1 37. Re1 Rd7 38. Kc2 Kc7 39. Rd1 Rg7 40. Rd5 Rg4
41. Kb3 Re4 42. Rd1 Rg4 43. Rh1 Rg7 44. Kc2 Re7 45. Nh4 Rf7 46. Ng6 Bg7 47. Re1
b6 48. f4 exf4 49. gxf4 Kd6 50. f5 Kd7 51. Kd3 Bf8 52. Nxf8+ Rxf8 53. Rg1 Kd6
54. Ke4 Re8+ 55. Kf4 Re2 56. Rd1+ 1/2-1/2

[Event "XXV OOM - Mistrzostwa Polski Juniorow Mlodszych - Dziewczeta do lat 12"]
[Site "Sielpia"]
[Date "1899-12-30"]
[Round "1.9"]
[White "Pudelko, Magdalena"]
[Black "Pietryk, Joanna"]
[Result "1-0"]
[WhiteTitle "I"]
[BlackTitle "I"]
[WhiteElo "1371"]
[BlackElo "1110"]

1. e4 c5 2. Nf3 e6 3. d4 cxd4 4. Nxd4 Nf6 5. Nc3 Nc6 6. Nxc6 bxc6 7. Bg5 e5 8.
Be2 Be7 9. Be3 O-O 10. O-O d5 11. exd5 cxd5 12. Bf3 Bb7 13. Bg5 e4 14. Be2 a6
15. Be3 Bd6 16. Qd2 Qd7 17. Bg5 Be5 18. Bxf6 Bxf6 19. Nxe4 Bxb2 20. Rab1 Ba3 21.
Rb3 Qe7 22. Ng5 Bd6 23. Bd3 h6 24. Re1 Qc7 25. Nf3 Rfe8 26. Reb1 Rab8 27. Kh1
d4 28. Nxd4 Bxh2 29. Rxb7 Rxb7 30. Rxb7 Qxb7 31. Kxh2 Qe7 32. Nf5 Qa3 33. Qf4
Qxa2 34. Qg3 g6 35. Nxh6+ Kh7 36. Qh3 Kg7 37. g4 Rh8 38. g5 Qa1 39. Qg3 Qc3 40.
Qf4 Qc6 41. Qxf7# 1-0

[Event "XXV OOM - Mistrzostwa Polski Juniorow Mlodszych - Dziewczeta do lat 12"]
[Site "Sielpia"]
[Date "1899-12-30"]
[Round "1.10"]
[White "Sprzeczka, Emilia"]
[Black "Slusarczyk, Anna"]
[Result "1-0"]
[WhiteTitle "II+"]
[BlackTitle "I"]
[WhiteElo "1109"]
[BlackElo "1347"]

1. e4 c5 2. Nf3 e6 3. d4 cxd4 4. Nxd4 Nc6 5. Nc3 Bc5 6. Nf3 d6 7. Bc4 Nf6 8. O-O
h6 9. e5 dxe5 10. Qxd8+ Nxd8 11. Nxe5 a6 12. Re1 O-O 13. Ne4 Be7 14. Nxf6+ Bxf6
15. Ng4 Bd4 16. c3 Ba7 17. Be3 Bb8 18. Rad1 f5 19. Bb6 Nc6 20. Ne3 Ne5 21. Bb3
a5 22. Bc5 Re8 23. Ba4 Nc6 24. Nxf5 Bc7 25. Bxc6 bxc6 26. Ne7+ Kf7 27. Nxc6 Ra6
28. Na7 Kg8 29. Nxc8 Rxc8 30. Be7 Rb8 31. Re2 Rab6 32. b3 Rc6 33. Rc2 Be5 34.
c4 Bf6 35. Bxf6 gxf6 36. g3 Kf7 37. Rd7+ Kg6 38. Ra7 Rc5 39. Rd2 h5 40. Rdd7 Rg8
41. Rd6 Re5 42. Kf1 Kg5 43. Rda6 Kh6 44. Rxa5 Re4 45. Rd7 e5 46. Ra6 Kg5 47. Rf7
f5 48. c5 Rd8 49. Rg7# 1-0

[Event "XXV OOM - Mistrzostwa Polski Juniorow Mlodszych - Dziewczeta do lat 12"]
[Site "Sielpia"]
[Date "1899-12-30"]
[Round "1.11"]
[White "Oborska, Magda"]
[Black "Zapalowska, Wiktoria"]
[Result "1-0"]
[WhiteTitle "I+"]
[BlackTitle "II"]
[WhiteElo "1339"]
[BlackElo "1102"]

1. e4 c5 2. Nf3 e6 3. d4 cxd4 4. Nxd4 Nc6 5. Nc3 Qc7 6. a3 Nf6 7. Be2 a6 8. O-O
Nxd4 9. Qxd4 b5 10. e5 Bc5 11. Qf4 Nd5 12. Nxd5 exd5 13. Bf3 Bb7 14. Rd1 O-O 15.
Bxd5 Bxd5 16. Rxd5 Rfe8 17. Bd2 Rad8 18. Bc3 f6 19. Qg3 fxe5 20. Bxe5 d6 21. Rxc5
Qe7 22. Rd5 dxe5 23. Qb3 Kf8 24. Qf3+ Kg8 25. Rad1 Rxd5 26. Qxd5+ Kf8 27. h3 g6
28. Qd6 Qxd6 29. Rxd6 Kf7 30. Rxa6 Rd8 31. Rb6 Rd1+ 32. Kh2 Rd2 33. f3 Rxc2 34.
Rxb5 Kf6 35. b4 h5 36. a4 g5 37. a5 g4 38. hxg4 hxg4 39. Kg3 Ra2 40. Rb6+ Kf5
41. a6 e4 42. fxe4+ Kxe4 43. b5 Ra3+ 44. Kxg4 Ra4 45. Kg5 Kd5 46. Rb7 Kd6 47.
a7 Ra5 48. Kf6 Ra4 49. g3 Ra5 50. b6 Kc6 51. Rb8 Ra6 52. a8=Q+ Rxa8 53. Rxa8 Kxb6
54. Rc8 Kb7 55. Rc1 Kb6 56. Ke5 Ka7 57. Rb1 Ka6 58. Kd5 Ka5 59. Kc4 Ka4 60. Ra1#
1-0

[Event "XXV OOM - Mistrzostwa Polski Juniorow Mlodszych - Dziewczeta do lat 12"]
[Site "Sielpia"]
[Date "1899-12-30"]
[Round "1.12"]
[White "Staniewicz, Adrianna"]
[Black "Grzesik, Nikola"]
[Result "1/2-1/2"]
[WhiteTitle "WCM"]
[BlackTitle "I"]
[WhiteElo "1086"]
[BlackElo "1339"]

1. e4 c5 2. Nf3 e6 3. d4 cxd4 4. Nxd4 a6 5. Nc3 b5 6. a3 Bb7 7. Be3 Qc7 8. Bd3
Bc5 9. O-O Ba7 10. Qd2 Nf6 11. h3 Nc6 12. Nde2 Bxe3 13. Qxe3 O-O 14. f4 Ne7 15.
g4 d6 16. f5 Qc5 17. Qxc5 dxc5 18. b3 Rac8 19. Ng3 exf5 20. Nxf5 Nxf5 21. exf5
Rfe8 22. Rae1 h6 23. Kf2 c4 24. Rxe8+ Rxe8 25. bxc4 bxc4 26. Be2 Rc8 27. Rb1 Ne4+
28. Nxe4 Bxe4 29. Rb4 Bxc2 30. Rxc4 Rxc4 31. Bxc4 a5 32. Ke3 1/2-1/2

[Event "XXV OOM - Mistrzostwa Polski Juniorow Mlodszych - Dziewczeta do lat 12"]
[Site "Sielpia"]
[Date "1899-12-30"]
[Round "1.13"]
[White "Lazniewska, Zofia"]
[Black "Wiszniewska, Julia"]
[Result "1-0"]
[WhiteTitle "I"]
[BlackTitle "I"]
[WhiteElo "1288"]
[BlackElo "1082"]

1. e4 c5 2. Nc3 a6 3. g3 b5 4. Bg2 Bb7 5. f4 Nc6 6. Nf3 e6 7. O-O d6 8. Kh1 Nf6
9. d4 b4 10. Ne2 Nxe4 11. Qd3 f5 12. d5 Nd4 13. Nexd4 cxd4 14. Nxd4 Bxd5 15. Qe3
Rc8 16. a3 Qa5 17. Bd2 Nxd2 18. Qxd2 Qc5 19. axb4 Bxg2+ 20. Kxg2 Qd5+ 21. Kg1
Rb8 22. Rfe1 e5 23. fxe5 dxe5 24. c3 Bd6 25. Rad1 O-O 26. Nc2 Qxd2 27. Rxd2 Bc7
28. Rd7 Bb6+ 29. Kg2 Rbe8 30. Rb7 Bd8 31. Ra7 Rf6 32. Na3 e4 33. Nc4 Rc6 34. Ne3
g6 35. Rd7 Bb6 36. Nd5 e3 37. Nxb6 Rxb6 38. Kf3 Rbe6 39. Rd3 Kf7 40. Rexe3 Rxe3+
41. Rxe3 Rxe3+ 42. Kxe3 Ke6 43. Kf4 h6 44. h4 Kd6 45. g4 fxg4 46. Kxg4 Ke5 47.
b3 Ke4 48. c4 Kd4 49. Kf4 g5+ 50. hxg5 hxg5+ 51. Kxg5 Ke5 52. Kg4 Ke4 53. Kg3
Ke5 54. Kf3 Kd4 55. Kf4 Kc3 56. c5 Kxb4 57. c6 Kxb3 58. c7 a5 59. c8=Q a4 60.
Qc1 a3 61. Qa1 a2 62. Ke3 Ka3 63. Kd4 Kb3 64. Ke4 1-0

[Event "XXV OOM - Mistrzostwa Polski Juniorow Mlodszych - Dziewczeta do lat 12"]
[Site "Sielpia"]
[Date "1899-12-30"]
[Round "1.14"]
[White "Nowak, Zuzanna"]
[Black "Pastuszko, Katarzyna"]
[Result "0-1"]
[WhiteTitle "I"]
[BlackTitle "I"]
[WhiteElo "1081"]
[BlackElo "1288"]

1. e4 e5 2. Nf3 Nc6 3. Bb5 Nge7 4. Nc3 a6 5. Ba4 g6 6. d4 d6 7. O-O b5 8. Bb3 Bg7
9. Bg5 O-O 10. Nd5 h6 11. Be3 Bg4 12. dxe5 Nxe5 13. Re1 Nxd5 14. Bxd5 c6 15. Bb3
Qc8 16. Bd4 Bxf3 17. gxf3 Qh3 18. Re3 c5 19. Bxe5 dxe5 20. Bd5 Rad8 21. Ra3 Rd7
22. Rxa6 h5 23. Qe2 Bh6 24. Rxg6+ Kh7 25. Rg3 Rg8 26. Kh1 Qh4 27. Qf1 Bf4 28.
Rh3 Qg5 29. Qg1 Qh6 30. Qf1 Rg5 31. Rg3 Bxg3 32. fxg3 f5 33. Qh3 h4 34. Rg1 Rdg7
35. g4 fxg4 36. fxg4 Rxg4 37. Rxg4 Qc1+ 38. Kg2 Qxc2+ 39. Kh1 Qd1+ 40. Kg2 Rxg4+
41. Kf2 Qd2+ 42. Kf3 Rf4# 0-1

[Event "XXV OOM - Mistrzostwa Polski Juniorow Mlodszych - Dziewczeta do lat 12"]
[Site "Sielpia"]
[Date "1899-12-30"]
[Round "1.16"]
[White "Makarec, Anna"]
[Black "Mazurek, Maja"]
[Result "0-1"]
[WhiteTitle "II+"]
[BlackTitle "I"]
[WhiteElo "1071"]
[BlackElo "1283"]

1. e4 d5 2. exd5 Qxd5 3. Nc3 Qd6 4. d4 Nf6 5. Bd3 c6 6. Nge2 Bg4 7. f3 Bh5 8. Bf4
Qd8 9. O-O e6 10. a3 Bd6 11. Qd2 Qc7 12. Ne4 Nxe4 13. Bxe4 Nd7 14. c4 O-O-O 15.
b4 e5 16. Bg5 f6 17. dxe5 Bxe5 18. Bf4 Qb6+ 19. c5 Nxc5 20. Bf5+ Ne6+ 21. Be3
Rxd2 22. Bxe6+ Kb8 23. Bxb6 Bxa1 24. Rxa1 Rxe2 25. Bc4 Rc2 26. Bb3 Rc3 27. g4
Rxb3 28. Bc5 Bg6 29. h4 Rxf3 30. Kg2 Be4 31. Re1 Re3+ 32. Kf2 Rxe1 33. Kxe1 Re8
34. Kf2 Bd5 35. Kg1 Re1+ 36. Kh2 Re2+ 37. Kh3 Ra2 38. a4 Rxa4 39. h5 Kc7 40. Kh4
a5 41. g5 axb4 42. gxf6 gxf6 43. h6 b3+ 44. Kh5 Bf3# 0-1

[Event "XXV OOM - Mistrzostwa Polski Juniorow Mlodszych - Dziewczeta do lat 12"]
[Site "Sielpia"]
[Date "1899-12-30"]
[Round "1.17"]
[White "Gladyszewska, Kinga"]
[Black "Predkiewicz, Paulina"]
[Result "1-0"]
[WhiteTitle "I"]
[BlackTitle "II+"]
[WhiteElo "1261"]
[BlackElo "1056"]

1. e4 e5 2. Nf3 Nc6 3. Bb5 f5 4. d3 fxe4 5. dxe4 Nf6 6. Nc3 d6 7. h3 Be6 8. O-O
h6 9. Qe2 Be7 10. Rd1 O-O 11. Bxc6 bxc6 12. Nxe5 Qe8 13. Nf3 Bf7 14. Bf4 Bh5 15.
Qe3 Nh7 16. Re1 Qg6 17. Bg3 Bxf3 18. gxf3 Bg5 19. Qd3 Qh5 20. Kg2 Bh4 21. f4 Qg6
22. e5 Qxd3 23. cxd3 Bxg3 24. fxg3 dxe5 25. Rxe5 Rad8 26. Rd1 Nf6 27. Re7 Rc8
28. Re6 c5 29. Re5 Nd7 30. Rd5 Rfd8 31. Ne4 Rb8 32. b3 Kf7 33. Nxc5 Nxc5 34. Rxc5
Rbc8 35. Re5 Re8 36. Rde1 Rxe5 37. Rxe5 Rd8 38. Re3 Rd6 39. Kf3 Ra6 40. a4 Rb6
41. d4 Rb4 42. Rd3 Ke6 43. d5+ Kd6 44. g4 Kc5 45. Ke3 a6 46. h4 Kd6 47. h5 Ke7
48. Kf3 Kd6 49. Kg3 Kc5 50. g5 Rd4 51. Rxd4 Kxd4 52. gxh6 gxh6 53. Kg4 Ke4 54.
b4 Kxd5 55. Kf5 Kd6 56. Kg6 Ke6 57. f5+ Ke7 58. Kxh6 Kf6 59. Kh7 Kf7 60. h6 c6
61. f6 Kf8 62. Kg6 c5 63. bxc5 a5 64. c6 Kg8 65. c7 Kf8 66. c8=Q# 1-0

[Event "XXV OOM - Mistrzostwa Polski Juniorow Mlodszych - Dziewczeta do lat 12"]
[Site "Sielpia"]
[Date "1899-12-30"]
[Round "1.18"]
[White "Rojek, Paulina"]
[Black "Nieckarz, Maja"]
[Result "1-0"]
[WhiteTitle "I"]
[BlackTitle "I"]
[WhiteElo "1054"]
[BlackElo "1248"]

1. d4 Nf6 2. c4 g6 3. Nc3 Bg7 4. Nf3 d6 5. Bf4 O-O 6. h3 Nfd7 7. e3 e5 8. Bh2 Re8
9. Be2 Nc6 10. d5 Ne7 11. e4 h6 12. O-O Kh7 13. Bd3 Nc5 14. Bc2 f5 15. Re1 Rf8
16. b4 Nxe4 17. Nxe4 fxe4 18. Bxe4 Bf5 19. Qc2 Bxe4 20. Qxe4 Nf5 21. Rab1 b6 22.
a3 Qf6 23. c5 bxc5 24. bxc5 Nd4 25. Nxd4 Qxf2+ 26. Kh1 Qxd4 27. Qxd4 exd4 28.
cxd6 cxd6 29. Bxd6 Rfd8 30. Bb4 Rxd5 31. Re7 Kg8 32. Rd1 a5 33. Bd2 Bf8 34. Re6
Kf7 35. Rc6 Bxa3 36. Bxh6 g5 37. Rf1+ Kg8 38. Rg6+ Kh7 39. Rxg5 Rd6 40. Bf8 Rxf8
41. Rxf8 d3 1-0

[Event "XXV OOM - Mistrzostwa Polski Juniorow Mlodszych - Dziewczeta do lat 12"]
[Site "Sielpia"]
[Date "1899-12-30"]
[Round "1.19"]
[White "Giemza, Julia"]
[Black "Grembocka, Zuzanna"]
[Result "1-0"]
[WhiteTitle "I"]
[BlackTitle "II"]
[WhiteElo "1244"]
[BlackElo "1052"]

1. e4 e5 2. Nc3 Bc5 3. f4 Bxg1 4. Rxg1 exf4 5. Qg4 g5 6. h4 h6 7. d3 Nf6 8. Qf3
Qe7 9. Bd2 d5 10. Be2 Nc6 11. O-O-O Ne5 12. Qf2 Be6 13. exd5 Nxd5 14. Nxd5 Bxd5
15. Bc3 Bxa2 16. Qd4 Ng6 17. Qa4+ Kf8 18. Qxa2 Qxe2 19. Bxh8 Nxh8 20. hxg5 Qe3+
21. Kb1 hxg5 22. Qa5 c5 23. Qc7 b5 24. Rde1 Qd4 25. Qe7+ Kg8 26. Qxg5+ Ng6 27.
Rgf1 c4 28. Re4 Qg7 29. Qxb5 Kf8 30. Qxc4 Rb8 31. b3 Kg8 32. Qc6 Rb6 33. Qc8+
Nf8 34. Rfxf4 Rg6 35. Rg4 Qh7 36. Rxg6+ fxg6 37. Qc4+ Qf7 38. Qxf7+ Kxf7 39. Ra4
Ne6 40. Rxa7+ Kf6 41. Ra6 g5 42. b4 g4 43. b5 Kf5 44. Rxe6 Kxe6 45. c4 Kd6 46.
d4 g3 47. c5+ Kc7 48. d5 Kc8 49. Kc2 Kc7 50. Kc3 Kd7 51. b6 Kc8 52. c6 Kd8 53.
d6 Kc8 54. b7+ Kb8 55. Kc4 Ka7 56. Kc5 Kb8 57. d7 Ka7 58. d8=Q Ka6 59. Qb6# 1-0

[Event "XXV OOM - Mistrzostwa Polski Juniorow Mlodszych - Dziewczeta do lat 12"]
[Site "Sielpia"]
[Date "1899-12-30"]
[Round "1.20"]
[White "Para, Aleksandra"]
[Black "Palejko, Maria"]
[Result "0-1"]
[WhiteTitle "II+"]
[BlackTitle "I"]
[WhiteElo "1034"]
[BlackElo "1238"]

1. e4 c5 2. Nf3 e6 3. d4 cxd4 4. Nxd4 Nf6 5. Nc3 Nc6 6. Ndb5 a6 7. Nd6+ Bxd6 8.
Qxd6 Qe7 9. Qg3 Nh5 10. Qe3 d6 11. Be2 Nf6 12. Qg3 Nd4 13. Qd3 e5 14. Be3 Nxe2
15. Nxe2 h6 16. h3 Bd7 17. Nc3 Bc6 18. O-O O-O 19. Rfd1 Rfd8 20. a3 d5 21. exd5
Nxd5 22. Nxd5 Bxd5 23. Qe2 Bc6 24. Bb6 Rxd1+ 25. Rxd1 Qg5 26. f3 Re8 27. Be3 Qg6
28. c3 e4 29. fxe4 Qxe4 30. Re1 f5 31. Qf2 Qd5 32. Qd2 Kh7 33. Qxd5 Bxd5 34. Bd2
Rxe1+ 35. Bxe1 g5 36. Kf2 f4 37. Bd2 Kg6 38. g3 fxg3+ 39. Kxg3 h5 40. Be3 h4+
41. Kg4 Be6+ 42. Kf3 Bxh3 43. b4 Bf5 44. a4 Bc2 45. a5 Kf5 46. Bf2 Be4+ 47. Ke3
h3 48. Bg3 Kg4 49. Kf2 Bg2 50. Bh2 Kf5 51. Ke3 Kg4 52. Kf2 Kh5 53. Bg3 g4 54.
Bh2 Kg5 55. Bg3 Kf5 56. Ke3 Ke6 57. Kd4 Kf5 58. Ke3 Kg5 59. Kf2 Kf6 60. Ke3 Ke7
61. Bh2 Kd7 62. Kd3 Kc6 63. Kd4 Kb5 64. Bg3 Bf3 65. Bh2 Ka4 66. Kd3 Kb3 67. Bg3
Be4+ 68. Kd2 0-1

[Event "XXV OOM - Mistrzostwa Polski Juniorow Mlodszych - Dziewczeta do lat 12"]
[Site "Sielpia"]
[Date "1899-12-30"]
[Round "1.21"]
[White "Jedrzejewska, Zuzanna"]
[Black "Krzysztynska, Maria"]
[Result "1/2-1/2"]
[WhiteTitle "I"]
[BlackTitle "II"]
[WhiteElo "1236"]
[BlackElo "1029"]

1. e4 e5 2. Nf3 Nc6 3. Bb5 Nf6 4. O-O d6 5. Re1 Bd7 6. c3 a6 7. Ba4 Be7 8. h3 O-O
9. d4 exd4 10. cxd4 d5 11. e5 Ne4 12. a3 f6 13. Nbd2 Bf5 14. Bc2 fxe5 15. dxe5
Ng5 16. Nxg5 Bxg5 17. Nf3 Bh4 18. Nxh4 Bxc2 19. Qxc2 Qxh4 20. e6 Rae8 21. Qd2
Nd4 22. e7 Rf7 23. Re3 Rfxe7 24. Rxe7 Rxe7 25. Qd1 Ne2+ 26. Kf1 c6 27. Be3 d4
28. Qxe2 dxe3 29. fxe3 Qg3 30. Rd1 Re8 31. Qc4+ Kh8 32. Qf4 Qg6 33. Qd6 Qf7+ 34.
Qf4 Qb3 35. Qd4 Rf8+ 36. Kg1 Qc2 1/2-1/2

[Event "XXV OOM - Mistrzostwa Polski Juniorow Mlodszych - Dziewczeta do lat 12"]
[Site "Sielpia"]
[Date "1899-12-30"]
[Round "2.1"]
[White "Gladyszewska, Kinga"]
[Black "Pawicka, Magdalena"]
[Result "0-1"]
[WhiteTitle "I"]
[BlackTitle "I"]
[WhiteElo "1261"]
[BlackElo "1748"]

1. d4 d5 2. c4 dxc4 3. e3 a6 4. Bxc4 e6 5. Nf3 Nf6 6. Nc3 b5 7. Bd3 Bb7 8. O-O
Nbd7 9. h3 Be7 10. Re1 c5 11. Bc2 O-O 12. Bb1 Qc7 13. e4 cxd4 14. Nxd4 b4 15.
Na4 Rfd8 16. Qc2 Qa5 17. Qb3 Nf8 18. Nf3 Bc6 19. Bc2 Rac8 20. Be3 Bxa4 21. Qxa4
Qxa4 22. Bxa4 Bc5 23. Bg5 h6 24. Bh4 Ng6 25. Bg3 Nh5 26. Bh2 Nhf4 27. Bg3 Nh5
28. Kf1 Ngf4 29. b3 Nxg3+ 30. fxg3 Nh5 31. Red1 Nxg3+ 32. Ke1 Nxe4 33. Ne5 Bd4
34. Nc6 Bxa1 35. Nxd8 Bf6 36. Nc6 Nc3 37. Rc1 Kf8 38. Nxb4 a5 39. Nd3 Rd8 40.
Nc5 Nxa2 41. Rc2 Nb4 42. Re2 Bh4+ 43. g3 Bxg3+ 44. Kf1 Bc7 45. Nd7+ Ke7 46. Nc5
Bb6 47. Ne4 Rd3 48. Kg2 Nd5 49. Ng3 Nf4+ 50. Kf1 Nxe2 51. Nxe2 Rxh3 52. Kg2 Rd3
53. Nf4 Rd4 54. Nh3 Rxa4 55. bxa4 Kd6 56. Kf3 Kc5 57. Ke4 Kb4 58. Kd3 Kxa4 59.
Nf4 g5 60. Ne2 Kb5 61. Kd4 0-1

[Event "XXV OOM - Mistrzostwa Polski Juniorow Mlodszych - Dziewczeta do lat 12"]
[Site "Sielpia"]
[Date "1899-12-30"]
[Round "2.2"]
[White "Giemza, Julia"]
[Black "Siekanska, Maria"]
[Result "0-1"]
[WhiteTitle "I"]
[BlackTitle "I+"]
[WhiteElo "1244"]
[BlackElo "1509"]

1. e4 c5 2. Ne2 e6 3. g3 Nc6 4. Bg2 Nf6 5. c3 d5 6. exd5 exd5 7. O-O Be7 8. d4
O-O 9. h3 Bf5 10. Be3 cxd4 11. Nxd4 Be4 12. f3 Bg6 13. f4 Be4 14. Nd2 Bxg2 15.
Kxg2 Re8 16. Qf3 Na5 17. g4 Bf8 18. g5 Ne4 19. h4 Nxd2 20. Bxd2 Bc5 21. b3 Bxd4
22. cxd4 Nc6 23. Bc3 Re4 24. Rad1 Ne7 25. Qh3 Ng6 26. Qg4 Qc8 27. Qxc8+ Rxc8 28.
Bd2 Nxh4+ 29. Kg3 Nf5+ 30. Kg4 g6 31. Rc1 Rce8 32. Rf3 Re2 33. Rd1 Rg2+ 34. Kh3
Ree2 0-1